Missoula travel plan maps /

Bibliographic Details
Corporate Author: United States. Bureau of Land Management. Missoula District
Format: Government Document Map
Language:English
Published: Missoula, Mont. : Bureau of Land Management, Missoula Field Office, [2009]
Subjects:

MARC

Tag First Indicator Second Indicator Subfields
LEADER 00000cem a2200000Ia 4500
001 in00002493813
005 20151110132426.0
007 aj canzn
008 090429s2009 mtuag b f 1 eng d
034 0 |a a  |d W1134400  |e W1124400  |f N0470200  |g N0461400 
035 |a (OCoLC)ocn319595334 
035 |a (OCoLC)319595334 
040 |a GPO  |c GPO  |d ESR  |d SPI  |d CUS  |d TXA  |d UtOrBLW 
043 |a n-us-mt 
049 |a TXAM 
050 4 |a G4253.M6E635 2009  |b .U5 
052 |a 4253  |b M6 
074 |a 0629-B 
086 0 |a I 53.11:T 69/ 
110 1 |a United States.  |b Bureau of Land Management.  |b Missoula District. 
245 1 0 |a Missoula travel plan maps /  |c BLM Missoula Field Office. 
255 |a Scales differ ;  |c (W 113⁰44ʹ--W 112⁰44ʹ/N 47⁰02ʹ--N 46⁰14ʹ). 
264 1 |a Missoula, Mont. :  |b Bureau of Land Management, Missoula Field Office,  |c [2009] 
300 |a 10 maps :  |b color ;  |c 41 x 27 cm. and 27 x 41 cm., folded to 14 x 11 cm. 
336 |a cartographic image  |b cri  |2 rdacontent 
337 |a unmediated  |b n  |2 rdamedia 
338 |a sheet  |b nb  |2 rdacarrier 
500 |a Relief shown by contours and spot heights. 
500 |a Panel title. 
500 |a "Created by Missoula Field Office GIS, June 9, 2008." 
500 |a Shipping list number: 2009-0266-P. 
500 |a "BLM/MT/MA-09-002." 
500 |a Text and col. ill. on verso. 
505 0 0 |t Travel plan index map --  |t Blackfoot travel plan --  |t Chamberlain travel plan --  |t Marcum travel plan --  |t West Garnet travel plan --  |t Garnet travel plan --  |t Murray Douglas travel plan --  |t Hoodoos travel plan --  |t Rock Creek travel plan --  |t Phillipsburg travel plan. 
500 |a Cartographic material. 
610 1 0 |a United States.  |b Bureau of Land Management.  |b Missoula District  |v Maps. 
650 0 |a Travel  |x Research  |z Montana  |z Missoula County  |v Maps. 
948 |a cataloged  |b h  |c 2009/7/6  |d c  |e jgreene  |f 12:30:25 pm 
994 |a C0  |b TXA 
999 |a MARS 
999 f f |s c9180050-9eff-3e62-8f11-f7b6e6bfc66b  |i e188fc4b-ed3b-383c-88a4-77d731d6ace2  |t 0 
952 f f |p normal  |a Texas A&M University  |b College Station  |c Sterling C. Evans Library  |d Evans: Maps (2nd floor)  |t 0  |e G4253.M6E635 2009 .U5  |h Library of Congress classification  |i unmediated -- sheet  |k no.9  |m A14834346150 
952 f f |p normal  |a Texas A&M University  |b College Station  |c Sterling C. Evans Library  |d Evans: Maps (2nd floor)  |t 0  |e G4253.M6E635 2009 .U5  |h Library of Congress classification  |i unmediated -- sheet  |k no.3  |m A14834346053 
952 f f |p normal  |a Texas A&M University  |b College Station  |c Sterling C. Evans Library  |d Evans: Maps (2nd floor)  |t 0  |e G4253.M6E635 2009 .U5  |h Library of Congress classification  |i unmediated -- sheet  |k no.6  |m A14834346029 
952 f f |p normal  |a Texas A&M University  |b College Station  |c Sterling C. Evans Library  |d Evans: Maps (2nd floor)  |t 0  |e G4253.M6E635 2009 .U5  |h Library of Congress classification  |i unmediated -- sheet  |k no.5  |m A14834346061 
952 f f |p normal  |a Texas A&M University  |b College Station  |c Sterling C. Evans Library  |d Evans: Maps (2nd floor)  |t 0  |e G4253.M6E635 2009 .U5  |h Library of Congress classification  |i unmediated -- sheet  |k no.7  |m A14834345984 
952 f f |p normal  |a Texas A&M University  |b College Station  |c Sterling C. Evans Library  |d Evans: Maps (2nd floor)  |t 0  |e G4253.M6E635 2009 .U5  |h Library of Congress classification  |i unmediated -- sheet  |k no.1  |m A14834345976 
952 f f |p normal  |a Texas A&M University  |b College Station  |c Sterling C. Evans Library  |d Evans: Maps (2nd floor)  |t 0  |e G4253.M6E635 2009 .U5  |h Library of Congress classification  |i unmediated -- sheet  |k no.2  |m A14834346011 
952 f f |p normal  |a Texas A&M University  |b College Station  |c Sterling C. Evans Library  |d Evans: Maps (2nd floor)  |t 0  |e G4253.M6E635 2009 .U5  |h Library of Congress classification  |i unmediated -- sheet  |k no.8  |m A14834345942 
952 f f |p normal  |a Texas A&M University  |b College Station  |c Sterling C. Evans Library  |d Evans: Maps (2nd floor)  |t 0  |e G4253.M6E635 2009 .U5  |h Library of Congress classification  |i unmediated -- sheet  |k no.10  |m A14834346118 
952 f f |p normal  |a Texas A&M University  |b College Station  |c Sterling C. Evans Library  |d Evans: Maps (2nd floor)  |t 0  |e G4253.M6E635 2009 .U5  |h Library of Congress classification  |i unmediated -- sheet  |k no.4  |m A14834346100 
998 f f |a G4253.M6E635 2009 .U5  |s no.1-10  |t 0  |l Evans: Maps (2nd floor)